00295nam a2200097Ia 4500008004100000020001800041100003000059245004400089260005000133300001400183171211s9999 xx 000 0 und d a9789715427852 aBelizario Jr., Vicente Y. aMedical Parasitology in the Philippines bThe University of the Philippines Pressc2015 a540 pages